| 000 | 01530 a2200193 4500 | ||
|---|---|---|---|
| 003 | NUST | ||
| 005 | 20221025152937.0 | ||
| 020 | _a18884133606 | ||
| 040 | _cNust | ||
| 082 | _a006.6,SAU | ||
| 100 |
_aSaucier, Christine _9101366 |
||
| 245 |
_aWeb Animation and interactivity : _bThe Ultimate Guide to Web Design / _cChristine Saucier |
||
| 260 |
_aHouston _bJAMSA _c2000 |
||
| 300 | _a346:p | ||
| 505 | _aTouring Animated Sites (Page-1), The Two Design Approaches (Page-12), Adding a Counter to Your Web Page (Page-17), Creating Animated GIFs (Page-30), Implementing A Search Engine (Page-47) , Adding an ActiveX Control to Your Web Page (Page-61), Understanding and Working with Dynamic HTML(Page-74), Understanding and Working with Java (Page-94), Implementing a Scrolling Marquee Banner (Page-108, Working with Audio (Page-123), Taking Advantage of Hot Spots (Page-138), Using Virtual Reality to Present a Virtual Tour (Page-156), Understanding and Working with JavaScript (Page-180), Understanding CGI (Page-195), Understanding and Working with Perl (Page-214) , Implementing and Using Cookies (Page-224), Understanding and Working with VBScript (Page-244), Implementing Server Push Operations (Page-257), Working with Shockwave and Flash (Page-279), Working with Video (Page-305), Maintaining and Using Site Statistics (Page-323), Design Considerations for Animated Web Sites (Page-334). | ||
| 650 |
_aweb animation and interactivity _9101367 |
||
| 651 |
_a(Include CD) _98953 |
||
| 942 |
_2ddc _cBK _k006.6,SAU |
||
| 999 |
_c179844 _d179844 |
||